Szczegóły MARC21

Test sprawności fizycznej dzieci i młodzieży YMCA /

003 -Nazwa inst., której nr kontr. jest w polu 001 [,]
    • @
    • Nazwa instytucji, której n kontrolny jest w polu 001
    • NUKAT
005 -DATA I CZAS OSTATNIEJ MODYFIKACJI [,]
    • @
    • pole kontrolne
    • 20241231094306.0
020 -Międzynarod. znormalizowany nr książki - ISBN [ , ]
    • a
    • Numer ISBN
    • 8386336005 Find
040 -Instytucja sporządzająca opis [ , ]
    • a
    • Instytucja, która sporządziła opis (NP)
    • KR 122/DP
    • c
    • Instytucja, która sporządziła rekord (NP)
    • KR 122/DP
    • d
    • Instytucja, która zmodyfikowała rekord (P)
    • KR 122/MN
041 -Język dokumentu [1, ]
    • a
    • Język tekstu (P)
    • polski
    • h
    • Język tekstu oryginalnego i/lub pośredniego (P)
    • angielski
942 -Rodzaj dokumentu [ , ]
    • c
    • Rodzaj dokumentu
    • Książka
100 -Hasło główne - nazwa osobowa [1, ]
    • a
    • Nazwa osobowa (NP)
    • Franks, B. Don.
    • 9
    • KHW
    • 23690
245 -Strefa tytułu i oznaczenia odpowiedzialności [1,0]
    • a
    • Tytuł
    • Test sprawności fizycznej dzieci i młodzieży YMCA / Find
    • c
    • Pozostałe elementy strefy tytułu i oznaczenia odpowiedzialności (NP)
    • B. Don Franks ; przekł. z jęz. ang. Wiesław Osiński, Eugeniusz Wachowski ; Akademia Wychowania Fizycznego w Poznaniu.
246 -Wariant tytułu [1, ]
    • i
    • Tekst wyświetlany na ekranie monitora (NP)
    • Tyt. oryg.:
    • a
    • Tytuł (NP)
    • YMCA youth fitness test manual
260 -Strefa adresu wydawniczego [ , ]
    • a
    • Miejsce wydania (P)
    • Poznań :
    • b
    • Nazwa wydawcy (P)
    • Akademia Wychowania Fizycznego,
    • c
    • Data wydania (P)
    • 1994.
300 -Strefa opisu fizycznego [ , ]
    • a
    • Określenie formy książki i/lub objętość (NP)
    • 58 s. :
    • b
    • Oznaczenie ilustracji (NP)
    • il. ;
    • c
    • Format (NP)
    • 24 cm.
336 -Typ zawartości [ , ]
    • a
    • Termin opisujący typ zawartości
    • Tekst
    • b
    • Kod określający zawartość
    • txt
    • 2
    • Źródło (terminu i kodu)
    • rdacontent
337 -Typ mediów [ , ]
    • a
    • Tryb odtwarzania
    • Bez urządzenia pośredniczącego
    • b
    • Kod typu mediów
    • n
    • 2
    • Źródło (terminu i kodu)
    • rdamedia
338 -Typ/rodzaj nośnika [ , ]
    • a
    • Hasło opisujące typ nośnika
    • Wolumin
    • b
    • Kod typu nośnika
    • nc
    • 2
    • Źródło (terminu i kodu)
    • rdacarrier
504 -Uwaga dot. bibliogr. załącznikowej [ , ]
    • a
    • Uwaga dot. bibliografii załącznikowej
    • Bibliogr. s. 55-58.
080 -Uniwersalna Klasyfikacja Dziesiętna [ , ]
    • a
    • Symbol klasyfikacji
    • 362.82(084.11)
080 -Uniwersalna Klasyfikacja Dziesiętna [ , ]
    • a
    • Symbol klasyfikacji
    • :796-053.5(084.11)
650 -Hasło przedmiotowe [ ,7]
    • a
    • Hasło przedmiotowe
    • Sport
    • x
    • Określnik rzeczowy
    • testy uzdolnień.
    • 2
    • Źródło terminu
    • kaba
    • 9
    • KHW
    • 134853
980 -Symbol UKD [ , ]
    • a
    • UKD
    • 362.82:796-053.5](084.11)
700 -Hasło dodatkowe - nazwa osobowa [1, ]
    • a
    • Nazwa osobowa (NP)
    • Osiński, Wiesław Find
    • d
    • Daty biograficzne (NP)
    • (1948- ).
    • e
    • Określenie rodzaju współpracy
    • Tł.
    • 9
    • KHW
    • 22445
700 -Hasło dodatkowe - nazwa osobowa [1, ]
    • a
    • Nazwa osobowa (NP)
    • Wachowski, Eugeniusz. Find
    • e
    • Określenie rodzaju współpracy
    • Tł.
    • 9
    • KHW
    • 26215
920 -ISBN [ , ]
    • a
    • ISBN
    • 83-86336-00-5 Find
Numer inwentarzowy Sygnatura Status udost. Lokalizacja Data inwentaryzacji
W.182777W.182777-3BG1995-09-06
W.182778W.182777-3BG1995-09-06
W.182779W.182777-3BG1995-09-06
W.182780W.1827772BG1995-09-06
W.182781W.1827772BG1995-09-06
W.182782W.1827772BG1995-09-06
W.182783W.1827772BG1995-09-06
W.182784W.1827772BG1995-09-06
W.182785W.1827772BG1995-09-06
W.182786W.1827772BG1995-09-06
W.182787W.1827772BG1995-09-06
W.182788W.1827772BG1995-09-06
W.182789W.1827772BG1995-09-06
W.182790W.1827772BG1995-09-06
W.182791W.1827772BG1995-09-06
WF.4518 -3BM1995-09-06
WF.4983Antropomotoryka 091BM1997-05-27